Statistics for How I Met Your Mother (Part 1) Easy

Click here to take the quiz!

General Stats

  • This quiz has been taken 7,923 times
    (7,916 since last reset)
  • The average score is 14 of 20

Answer Stats

Hint Answer % Correct
TedMosby
98%
BarneyStinson
96%
The ________ UmbrellaYellow
89%
MarshallEriksen
86%
Set of rules Barney followsBro Code
85%
Ted's Ex-FianceStella
85%
Object Ted stole for RobinBlue French Horn
81%
Cab DriverRanjit
78%
Robin's Canadian Pop-Star AliasRobin Sparkles
78%
LilyAldrin
77%
RobinScherbatskey
76%
LilyStripper
71%
RobinLesbian
64%
TedMexican Wrestler
62%
Waitress at Maclaren's PubWendy
60%
Creature that lived in Ted's apartmentCockamouse
56%
MarshallMustached Lawyer
47%
Robin's Co-HostSandy Rivers
45%
BarneyDoctor
44%
Robin's favorite hockey teamVancouver Canucks
42%

Score Distribution

Percentile by Number Answered

Percent of People with Each Score

Your Score History

You have not taken this quiz since the last reset